| 000 | 00447nam a22001457a 4500 | ||
|---|---|---|---|
| 008 | 250630b |||||||| |||| 00| 0 eng d | ||
| 020 | _a9789789656295 | ||
| 050 |
_aHC79.C3 _b.I54 |
||
| 100 | _aInengite G Sam FCA | ||
| 245 | _aBuilding sustainable public private partnerships | ||
| 260 |
_aN.P _bCapex advisory services limited _c2018 |
||
| 300 | _axx, 217p. | ||
| 650 |
_ainfrastructure ( economic)- finance _vinvestments- management |
||
| 942 | _cBK | ||
| 999 |
_c4007 _d4007 |
||